| 000 | 00000nam##2200000za#4500 |
| 001 | 9.698351 |
| 003 | CaOODSP |
| 005 | 20240215150448 |
| 007 | cr ||||||||||| |
| 008 | 150407|2008||||xxc|||||o f|0| 0 eng|d |
| 040 | |aCaOODSP|beng |
| 043 | |an-cn--- |
| 086 | 1 |aPS84-33/2008E-PDF |
| 110 | 2 |aCorrectional Service Canada. |
| 245 | 10|aEvaluation report - Community Mental Health Initiative / |h[electronic resource]|c[by] Evaluation Branch, Performance Assurance Sector. |
| 260 | |aOttawa - Ontario : |bCorrectional Service Canada |cNovember 2008. |
| 300 | |a160p.|bfigs., references, tables |
| 590 | |a13-19-Supp|b2013-08-14 |
| 690 | 07|aCommunity development|2gcpds |
| 690 | 07|aMental health|2gcpds |
| 775 | 08|tRapport d'évaluation - Initiative sur la santé mental dans la collectivité / |w(CaOODSP)9.642364 |
| 856 | 40|ahttp://publications.gc.ca|qPDF|s2.64 MB|uhttps://publications.gc.ca/collections/collection_2013/scc-csc/PS84-33-2008-eng.pdf |
| 986 | |aFile # 394-2-51 |